000 01731nam0a22003491 4500
001 v19\rc\1894553
005 20251118180420.4
035 _a(NLR Aleph) 004981455
090 _a6189521
_c6189521
100 _a20251123 rusy50
101 0 _arus
_ager
_afre
_aeng
102 _aRU
105 _ay z |||||
200 1 _aЛексикон коммерческой корреспонденции на 4 главных европейских языках: русском, немецком, французском и английском
_eПракт. руководство для основат. изуч. коммерч. корреспонденции из 2 кн.
_eПер. и обраб. для русских по лучш. иностр. источникам (G. Bienemann, G. Cattaneo, Rud. Ehrenberg, L.F. Huber, M. Scheck)
_f[Сост. Н.А. Гальперин]. Кн. 1-2
210 _aОдесса
_cВсемир. б-ка
_d1911-1912
215 _a2 т.
_d28
300 _aАвт. указан только в кн. 2
532 1 1 _aЛексикон коммерческой корреспонденции на четырех главных европейских языках: русском, немецком, французском и английском
700 1 _aГальперин
_bН.А.
_gНаум А.
_4220
702 1 _aBienemann
_bG.
_4100
702 1 _aCattaneo
_bG.
_4100
702 1 _aEhrenberg
_bRud.
_4100
702 1 _aHuber
_bL.F.
_4100
702 1 _aScheck
_bM.
_4100
801 0 _aRU
_bNLR
_gpsbo
801 0 _aRU
_bRuMoRGB
_2psbo
801 1 _aRU
_bProSoft-M
_2rusmarc
852 _aNLR
_j37.29.7.15(кн. 1-2)
899 _aRuMoRGB
_jM 72/28
899 _aБАН
942 _cBOOK
980 _aNB